Juristes et droits savants: Bologne et la France médiévale
Guardat en:
| Autor principal: | |
|---|---|
| Format: | Llibre |
| Idioma: | francès |
| Publicat: |
Aldershot
Ashgate Variorum
2000
|
| Edició: | 1a. ed |
| Matèries: | |
| Etiquetes: |
Afegir etiqueta
Sense etiquetes, Sigues el primer a etiquetar aquest registre!
|
MARC
| LEADER | 00000cam a2200000 a 4500 | ||
|---|---|---|---|
| 001 | UCD1629 | ||
| 003 | CL-VaPUC | ||
| 008 | 160316e20000000uk |||||||||||||||||fre|d | ||
| 020 | |a 0860788164 | ||
| 082 | 0 | 4 | |a 346.44 |b GOU |2 21 |
| 100 | 0 | |a Gouron, André |e author |9 584758 | |
| 245 | 1 | 0 | |a Juristes et droits savants: Bologne et la France médiévale |
| 250 | |a 1a. ed | ||
| 300 | |a pág irreg | ||
| 942 | |c BK | ||
| 945 | |d 20160316 17:23:00 |a arojas | ||
| 260 | |a Aldershot |b Ashgate Variorum |c 2000 | ||
| 650 | 7 | |a HISTORIA DEL DERECHO FRANCES |2 CL-VaPUC |9 401046 | |
| 650 | 0 | |a Derecho francés |9 385145 | |
| 650 | 0 | |a Derecho medieval |9 314261 | |
| 651 | 0 | |a Francia |9 255157 | |
| 583 | |a last modification |c 20160316 17:23:00 |k Rodrigo Vera | ||
| 999 | |c 362900 |d 362898 | ||
| 952 | |0 0 |1 0 |3 erd |4 0 |6 346_440000000000000_GOU_2000 |7 0 |8 A |9 474496 |a BIBDER |b BIBDER |i 526734K |o 346.44 GOU 2000 |p 526734K |r 2023-01-25 |w 2019-11-24 |y BK |z Catalogado en:20160316 |k DER | ||